书目信息 |
| 题名: |
学校科技教育品牌建设实例
|
|
| 作者: | 杨吉美, 著 | |
| 分册: | ||
| 出版信息: | 重庆 西南师范大学出版社 2019.8 |
|
| 页数: | 156页 | |
| 开本: | 24cm | |
| 丛书名: | ||
| 单 册: | ||
| 中图分类: | G623.62 | |
| 科图分类: | ||
| 主题词: | 科学技术--小学教育--研究--重庆市--垫江县 | |
| 电子资源: | ||
| ISBN: | 978-7-5621-9953-3 | |
| 000 | 01416nam0 2200265 45 | |
| 001 | 012001000856 | |
| 005 | 20140820094916.0 | |
| 010 | @a978-7-5621-9953-3@dCNY48.00 | |
| 099 | @aCAL 012020069521 | |
| 100 | @a20200623d2019 em y0chiy0110 ea | |
| 101 | 0 | @achi |
| 102 | @aCN@b500000 | |
| 105 | @ay z 000yy | |
| 106 | @ar | |
| 200 | 1 | @a学校科技教育品牌建设实例@Axue xiao ke ji jiao yu pin pai jian she shi li@e基于重庆市垫江县新民小学校的探索实践@f杨吉美著 |
| 210 | @a重庆@c西南师范大学出版社@d2019.8 | |
| 215 | @a156页@d24cm | |
| 300 | @a其他题名:基于重庆市垫江县新民小学校的探索实践 | |
| 330 | @a垫江县新民小学校处于城乡接合部,是一所县农村示范小学。作为农村小学,其信息较为闭塞,资源较为欠缺,对开展创新教育有一定的难度。而本书作者任学校校长十多年来,紧紧围绕科技教育不放松,带领教师团队,积极营造科技教育氛围,重塑科技教育文化,完善科技教育设备,打造科技教育团队,变革教育教学方式,开展科技教育活动,使新民小学的学校建设取得了丰硕的成果。本书作为一部论文集,正是收录了包括作者在内的新民小学教师团队在积极建设学校的十余年间,在科技教育建设方面的论文、案例、成果等,一方面是对学校建设的回顾与经验总结,另一方面也旨在以小见大,为同类学校建设提供借鉴。 | |
| 517 | 1 | @a基于重庆市垫江县新民小学校的探索实践 |
| 606 | 0 | @a科学技术@x小学教育@x研究@y重庆市@y垫江县 |
| 690 | @aG623.62@v5 | |
| 701 | 0 | @a杨吉美,@Ayang ji mei@f1965-@4著 |
| 801 | @aCN@bAHXH@c20210922 | |
| 905 | @b1247382-5@dG623.62@e1360@f4 | |
| 学校科技教育品牌建设实例:基于重庆市垫江县新民小学校的探索实践/杨吉美著.-重庆:西南师范大学出版社,2019.8 |
| 156页;24cm |
| 其他题名:基于重庆市垫江县新民小学校的探索实践 |
| ISBN 978-7-5621-9953-3:CNY48.00 |
| 垫江县新民小学校处于城乡接合部,是一所县农村示范小学。作为农村小学,其信息较为闭塞,资源较为欠缺,对开展创新教育有一定的难度。而本书作者任学校校长十多年来,紧紧围绕科技教育不放松,带领教师团队,积极营造科技教育氛围,重塑科技教育文化,完善科技教育设备,打造科技教育团队,变革教育教学方式,开展科技教育活动,使新民小学的学校建设取得了丰硕的成果。本书作为一部论文集,正是收录了包括作者在内的新民小学教师团队在积极建设学校的十余年间,在科技教育建设方面的论文、案例、成果等,一方面是对学校建设的回顾与经验总结,另一方面也旨在以小见大,为同类学校建设提供借鉴。 |
| ● |
| 相关链接 |
|
|
|
|
正题名:学校科技教育品牌建设实例
索取号:G623.62/1360
 
预约/预借
| 序号 | 登录号 | 条形码 | 馆藏地/架位号 | 状态 | 备注 |
| 1 | 1247382 | 212473820 | 第一样本阅览室/ [索取号:G623.62/1360] | 在馆 | |
| 2 | 1247383 | 212473839 | 第四借阅区/ [索取号:G623.62/1360] | 在馆 | |
| 3 | 1247384 | 212473848 | 第四借阅区/ [索取号:G623.62/1360] | 在馆 | |
| 4 | 1247385 | 212473857 | 第四借阅区/ [索取号:G623.62/1360] | 在馆 |